| 000 | 00678nam a2200217Ia 4500 | ||
|---|---|---|---|
| 003 | IN-BaIIA | ||
| 008 | 211028s9999 xx 000 0 eng d | ||
| 040 | _cIIA Library | ||
| 080 |
_a530.1 _bKUM-1 |
||
| 100 |
_aKompaneyets, A. S. _94651 |
||
| 245 | 2 |
_aA course of theoretical physics _bvol. 1, funadamental Laws _cA. S. Kompaneyets; translated by V. Talmy |
|
| 260 |
_aMoscow _bMIR Publishers _c1978 |
||
| 300 | _a564p. | ||
| 500 | _aDonated by Mrs. Bappu | ||
| 650 |
_aElectrodynamics _92319 |
||
| 650 | _aNASA Thesaurus | ||
| 650 | _aQuantum Mechanics | ||
| 650 | _aQuantum Theory | ||
| 700 |
_aTalmy, V. _912997 |
||
| 942 | _cBK | ||
| 999 |
_c7681 _d7681 |
||